|
|
|
|
| LEADER |
02072nam a2200325 a 4500 |
| 001 |
13016987 |
| 008 |
091012s2004 maua b 001 0 eng d |
| 010 |
|
|
|a \\2002044496
|
| 020 |
|
|
|a 007255410X (pbk. : alk. paper)
|
| 040 |
|
|
|a DLC
|c DLC
|d DLC
|
| 082 |
0 |
0 |
|a 339
|2 21
|
| 100 |
1 |
|
|a Frank, Robert H.
|
| 245 |
1 |
0 |
|a Principles of macro-economics /
|c Robert H. Frank, Ben S. Bernanke.
|
| 246 |
1 |
8 |
|a Principles of macroeconomics
|
| 250 |
|
|
|a 2nd ed.
|
| 260 |
|
|
|a Boston :
|b McGraw-Hill/Irwin,
|c c2004.
|
| 300 |
|
|
|a 1 v. (various pagings) :
|b ill. ;
|c 28 cm.
|
| 504 |
|
|
|a Includes bibliographical references and index.
|
| 541 |
1 |
|
|e 00010377
|
| 650 |
|
0 |
|a Macroeconomics.
|
| 700 |
1 |
|
|a Bernanke, Ben.
|
| 852 |
4 |
|
|a Ayesha Abed Library
|j General shelf
|
| 999 |
|
|
|c 4516
|d 4516
|
| 952 |
|
|
|0 0
|1 0
|2 ddc
|4 1
|6 339_000000000000000_FRA_2004
|7 0
|9 4249
|a BRACUL
|b BRACUL
|c SPS
|d 2009-10-12
|g 0.00
|l 2
|o 339 FRA
|p 3010010377
|r 2016-06-29
|s 2016-06-21
|t 1
|w 2009-10-12
|y BK
|x No price found in the accession register.
|
| 952 |
|
|
|0 0
|1 0
|2 ddc
|4 1
|6 339_000000000000000_FRA_2004
|7 0
|9 5788
|a BRACUL
|b BRACUL
|c SPS
|d 2009-11-24
|g 345.00
|l 0
|o 339 FRA
|p 3010014354
|r 2009-11-24
|t 2
|v 690.00
|w 2009-11-24
|y BK
|
| 952 |
|
|
|0 0
|1 0
|2 ddc
|4 1
|6 339_000000000000000_FRA_2004
|7 0
|9 5789
|a BRACUL
|b BRACUL
|c SPS
|d 2009-11-24
|g 345.00
|l 1
|o 339 FRA
|p 3010014355
|r 2013-10-21
|s 2013-10-21
|t 3
|v 690.00
|w 2009-11-24
|y BK
|
| 952 |
|
|
|0 0
|1 0
|2 ddc
|4 1
|6 339_000000000000000_FRA_2004
|7 0
|9 5928
|a BRACUL
|b BRACUL
|c SPS
|d 2009-12-06
|g 345.00
|l 1
|o 339 FRA
|p 3010014353
|r 2011-07-13
|s 2011-07-13
|t 4
|v 690.00
|w 2009-12-06
|y BK
|
| 952 |
|
|
|0 0
|1 0
|2 ddc
|4 1
|6 339_000000000000000_FRA_2004
|7 0
|9 5929
|a BRACUL
|b BRACUL
|c SPS
|d 2009-12-06
|g 345.00
|l 0
|o 339 FRA
|p 3010014357
|r 2009-12-06
|t 5
|v 690.00
|w 2009-12-06
|y BK
|
| 952 |
|
|
|0 0
|1 0
|2 ddc
|4 0
|6 339_FRA_200400000000000
|7 0
|9 5931
|a BRACUL
|b BRACUL
|c GEN
|d 2009-12-06
|g 0.00
|l 10
|m 42
|o 339 FRA
|p 3010010251
|r 2020-01-22
|s 2020-01-20
|t 6
|w 2009-12-06
|y BK
|x No price found in the accession register.
|
| 952 |
|
|
|0 0
|1 0
|2 ddc
|4 1
|6 339_000000000000000_FRA_2004
|7 0
|9 16436
|a BRACUL
|b BRACUL
|c SPS
|d 2011-05-15
|l 1
|m 1
|o 339 FRA
|p 3010014356
|r 2014-02-11
|s 2014-02-04
|t 7
|w 2011-05-15
|y BK
|